000 00295nam a22001337a 4500
008 170403b xxu||||| |||| 00| 0 eng d
020 _a0442172273
041 _aeng
080 _a574
100 _a9
101 _aSHM
245 _aECOLOGY INLAND WATERS AND ESTUARIES
_cREID.G
942 _2udc
_cBK
999 _c9482
_d9482